| 000 | 00630nam a22001937a 4500 | ||
|---|---|---|---|
| 005 | 20100809123826.0 | ||
| 010 | _aENG-99135 | ||
| 020 |
_a8176483362 _c695.00 |
||
| 035 | _aEN-82667 | ||
| 037 | _bDBAD/PUB | ||
| 082 | _a181 | ||
| 100 |
_aChoudhury, J M _99254 |
||
| 245 |
_aIndian and western philosophy / _cby J M Choudhury |
||
| 260 |
_aNew Delhi _bA P H Publishing _c2002 |
||
| 270 |
_a5 Ansari Road Darya Ganj _bNew Delhi _e110002 |
||
| 300 |
_axii,314p _c21cm(Hb) |
||
| 942 |
_2ddc _cEN _h181 _mCHO |
||
| 999 |
_c40325 _d40325 |
||